Welcome to the Holygrace Academy Library

Please use search bar below to get started

SIDHARTHA (Record no. 7106)

MARC details
000 -LEADER
fixed length control field 00354nam a22001577a 4500
020 ## - INTERNATIONAL STANDARD BOOK NUMBER
ISBN 93-81641-04-0
082 ## - DEWEY DECIMAL CLASSIFICATION NUMBER
Classification number 894.812.3
Item number HES/S
100 ## - MAIN ENTRY--AUTHOR NAME
Personal name HESSE HERMAN
245 ## - TITLE STATEMENT
Title SIDHARTHA
246 ## - VARYING FORM OF TITLE
Title proper/short title SIDHARTHA
Remainder of title SIDHARTHA
260 ## - PUBLICATION, DISTRIBUTION, ETC. (IMPRINT)
Place of publication KANNUR
Name of publisher HERMAN HESSE
Year of publication 2021
300 ## - PHYSICAL DESCRIPTION
Number of Pages 128
520 ## - SUMMARY, ETC.
Summary, etc NOVEL MALAYALAM
650 ## - SUBJECT ADDED ENTRY--TOPICAL TERM
Topical Term MALAYALAM NOVEL
942 ## - ADDED ENTRY ELEMENTS (KOHA)
Koha item type Books
Holdings
Withdrawn status Lost status Collection code Home library Current library Shelving location Date acquired Source of acquisition Cost, normal purchase price Full call number Accession Number Koha item type
    Fiction Main Library Main Library NEW SHELF WITH NEW ENTRY 26/10/2023 Purchase 160.00 894.812.3 HES/S 13106 Books